Identifying the common component in international economic fluctuations <a> new approach
Na minha lista:
| Autor principal: | |
|---|---|
| Outros Autores: | |
| Formato: | Livro |
| Idioma: | inglês |
| Publicado em: |
Washington
International Monetary Fund
1999
|
| Colecção: | IMF Working Paper
WP/99/154 |
| Assuntos: | |
| Tags: |
Sem tags, seja o primeiro a adicionar uma tag!
|
MARC
| LEADER | 00000nam a2200000 4500 | ||
|---|---|---|---|
| 001 | c123795 | ||
| 005 | 20221221082606.2 | ||
| 041 | 0 | |a eng | |
| 044 | |a US | ||
| 245 | 1 | 0 | |a Identifying the common component in international economic fluctuations |b <a> new approach |c Robin L. Lumsdaine and Eswar S. Prasad |
| 264 | 1 | |a Washington |b International Monetary Fund |c 1999 | |
| 300 | |a 38 s. | ||
| 490 | 1 | |a IMF Working Paper |v WP/99/154 | |
| 830 | 0 | |a IMF Working Paper |v WP/99/154 | |
| 610 | 2 | 0 | |a cykly hospodárske |
| 610 | 2 | 0 | |a cykly obchodné |
| 610 | 2 | 0 | |a Európa |
| 100 | 1 | |a Lumsdaine, Robin L. | |
| 700 | 1 | |a Prasad, Eswar S. | |